Klíma školy

Na minha lista:
Detalhes bibliográficos
Autor principal: Boháčová, Kamila, 1970- (Author)
Outros Autores: Hrmo, Roman, 1964- (Thesis advisor)
Formato: Manuscrito Livro
Idioma:eslovaco
Publicado em: Trnava : STU v Bratislave MTF KIP, 2012
Assuntos:
Acesso em linha:VAIS
Tags: Adicionar Tag
Sem tags, seja o primeiro a adicionar uma tag!

MARC

LEADER 00000ntm a22000003a 4500
001 stu251354
005 20150617230200.5
008 120719s2012----xo------------------slo-d
040 |a STU  |b slo 
041 0 |a slo 
044 |a xo 
100 1 |a Boháčová, Kamila,  |d 1970-  |4 aut  |u M  |T MTF Materiálovotechnologická fakulta  |X 7879  |U M  |Y 60  |7 A000007879 
242 0 0 |a Climate of school  |y eng 
245 1 |a Klíma školy  
260 |a Trnava :  |b STU v Bratislave MTF KIP,  |c 2012 
300 |a 72 s  |c príl 
650 7 |a učiteľstvo technických profesijných predmetov  |2 stusub 
650 7 |a Teaching Specific Engineering Subjects  |2 estusub 
650 7 |a škola  |2 stusub 
700 1 |a Hrmo, Roman,  |d 1964-  |4 ths  |u M220  |U MTF Ústav inžinierskej pedagogiky a humatitných vied  |T MTF Katedra inžinierskej pedagogiky a psychológie  |X 230  |U M220  |Y M220  |7 A000000230 
856 4 |a info a plný text  |u http://is.stuba.sk/zp/portal_zp.pl?podrobnosti=81113  |3 VAIS 
996 |c M*DP-11030  |l MMSKP  |s P  |a 0  |w stu251354_0001